Countries of North America - Statistics

General Stats
  • This quiz has been taken 50 times
  • The average score is 19 of 23
Answers on the Map
Answers color-coded by a green-red scale on the quiz's map according to % correct below.
 
Answer Stats
Answer % Correct
Canada
100%
Mexico
100%
United states
100%
Cuba
96%
Bahamas
92%
El Salvador
92%
Saint Lucia
92%
Jamaica
88%
Panama
88%
Costa Rica
84%
Dominica
84%
Dominican republic
84%
Saint Kitts and Nevis
84%
Saint Vincent and the Grenadines
84%
Grenada
80%
Guatemala
80%
Honduras
80%
Nicaragua
80%
Antigua and Barbuda
76%
Haiti
76%
Trinidad and Tobago
72%
Barbados
68%
Belize
68%
No matching quizzes found
Score Distribution
Percent of People with Each Score
Percentile by Number Answered
Your Score History
You have not taken this quiz